Mátyás király Antonius Constantius olasz költőnek írta Janus Pannonius 1464-ben /

Elmentve itt :
Bibliográfiai részletek
Szerző: Hegedűs István
Dokumentumtípus: Cikk
Megjelent: 1896
Sorozat:Kolligátum
Kulcsszavak:Janus Pannonius, Latin irodalom - Magyarország - 15. sz., Humanizmus - Magyarország - 15. sz.
Online Access:http://misc.bibl.u-szeged.hu/25114
LEADER 00669nab a2200169 i 4500
001 misc25114
005 20191108150501.0
008 170908s1896 hu o 0|| zxx d
040 |a SZTE Miscellanea Repozitórium  |b hun 
041 |a zxx 
100 1 |a Hegedűs István 
245 1 0 |a Mátyás király Antonius Constantius olasz költőnek   |h [elektronikus dokumentum] :  |b írta Janus Pannonius 1464-ben /  |c  Hegedűs István 
260 |c 1896 
300 |a 377-383 
490 0 |a Kolligátum 
695 |a Janus Pannonius, Latin irodalom - Magyarország - 15. sz., Humanizmus - Magyarország - 15. sz. 
856 4 0 |u http://misc.bibl.u-szeged.hu/25114/1/015_008_377-383.pdf  |z Dokumentum-elérés